000 01284cam a22003737a 4500
003 CHAP
005 20220329142025.0
008 990310d1994 mx r 00010 spa d
010 _a77226
011 _a78198
035 _a88063
040 _cCHAP
090 _aFolleto 15143
100 0 0 _aGarcía de la Sienra, Adolfo.
_945909
245 1 0 _aEstructuras, modelos y ultraproductos
_c/por Adolfo García de la Sienra
260 _aMéxico, D.F. :
_bCentro de Investigación y Docencia Económicas. División de Economía,
_c1994.
300 _a22 h. :
_banexos
410 2 1 _aCIDE. División de Economía
490 0 _aDocumento de trabajo
_v; 24
590 _aBATCH-UPD
_b10
_c20130110
_lUCH01
_h0652
590 _aBATCH-UPD
_b10
_c20130110
_lUCH01
_h2328
590 _aBATCH-UPD
_b10
_c20130410
_lUCH01
_h0336
590 _aBATCH-UPD
_b10
_c20130914
_lUCH01
_h1212
590 _aCONVERSION
_b10
_c20130109
_lUCH01
_h1343
650 1 4 _aÁlgebra.
_982391
650 1 4 _aGrupos
_xTeoría de los.
_950914
650 1 4 _aModelos matemáticos.
_976419
810 0 0 _aCIDE. División de Economía
_923094
830 0 _aDocumento de trabajo
_v; 24
_933227
901 _aBK
905 _aGuadalupe Pinto C.
942 _cFOLL
949 _aFolleto 15143
_bBC
_cFOLL
_d880631
_eTS1
_gI. c/e
_i88063
_sb
999 _c77226
_d77226